Champions League Topscorer 1014/15 - Statistiken

Allgemein
  • Dieses Quiz wurde 44 mal gespielt
  • Das Durchschnittsergebnis liegt bei 14 aus 19
Antwortstatistiken
Rang Nation Verein Tore Antwort % Korrekt
1 Portugal Real Madrid 10 Cristiano Ronaldo
100%
1 Argentinien Barcelona 10 Lionel Messi
100%
1 Brasilien Barcelona 10 Neymar
98%
9 Polen Bayern München 6 Robert Lewandowski
98%
5 Deutschland Bayern München 7 Thomas Müller
98%
5 Uruguay Barcelona 7 Luis Suarez
95%
9 Frankreich Real Madrid 6 Karim Benzema
93%
9 Argentinien Manchester City 6 Sergio Agüero
93%
17 Italien BVB 5 Ciro Immobile
88%
9 Uruguay Paris Saint-Germain 6 Edinson Cavani
88%
13 Niederlande Schalke 04 5 Klaas-Jan Huntelaar
88%
13 Spanien Juventus 5 Alvaro Morata
78%
13 Kroatien Atletico Madrid 5 Mario Mandzukic
70%
5 Kolumbien Porto 7 Jackson Martinez
45%
5 Argentinien Juventus 7 Carlos Tevez
43%
17 Deutschland Bayern München 5 Mario Götze
40%
4 Brasilien Shakhtar Donetsk 9 Luiz Adriano
33%
13 Algerien Porto 5 Yacine Brahimi
30%
17 Portugal Sporting 5 Nani
18%
Keine übereinstimmenden Quizze gefunden
Verteilung der Resultate
Anzahl Personen mit jedem Resultat
Perzentil nach korrekt beantworteten Fragen
Ihre Resultats-Entwicklung
Sie haben dieses Quiz noch nicht gespielt